Parole che iniziano con la "Q" - Statistics

Statistiche generali
  • Questo quiz è stato fatto 306 volte
    257 dall'ultimo reset
  • Il punteggio medio è 11 su 15
Statistiche sulle risposte
INDIZIO RISPOSTA % Corretto
Paese ospite dei Mondiali 2022 Qatar
99%
Tipo di erba che viene considerata simbolo di fortuna Quadrifoglio
92%
Band che ha composto la canzone "Don't Stop Me Now" Queen
92%
Risultato di una divisione Quoziente
91%
Sinonimo di "domanda" Quesito
83%
Protagonista del film "il gobbo di Notre Dame" Quasimodo
81%
Gioco di intrattenimento composto da una o più domande Quiz
81%
Lo è il rombo (e non solo il rombo) Quadrilatero
80%
Denuncia nei confronti di chi ha commesso un reato Querela
79%
Regione del Canada Quebec
76%
Albero a foglie decidue delle Fagacee Quercia
73%
Parte della fisica riguarda l'uso dei metodi per lo studio del comportamento delle radiazioni Quantistica
67%
Minerale più abbondante sulla Terra composto da SiO2 Quarzo
64%
Numero dei settori, in origine quattro, in cui erano suddivise molte città medievali (tra cui Roma) Quartiere
45%
Drink alcolico composto da 4/5 Cognac e 1/5 Kummel (di colore rosaceo) Quelle vie
2%
Nessun quiz corrispondente trovato
Distribuzione punteggi
Percentuale di utenti per punteggio
Percentile per numero di risposta
I tuoi punteggi nel tempo
Non hai fatto questo quiz dall'ultimo reset